Normal view
MARC view
- Gazit, Ehud
Entry Personal Name
001 - CONTROL NUMBER
- control field: 55917
003 - CONTROL NUMBER IDENTIFIER
- control field: NUST
005 - DATE AND TIME OF LATEST TRANSACTION
- control field: 20210628201557.0
008 - FIXED-LENGTH DATA ELEMENTS
- fixed length control field: 210628|| aca||aabn | a|a d
040 ## - CATALOGING SOURCE
- Original cataloging agency: NUST
- Transcribing agency: NUST
100 ## - HEADING--PERSONAL NAME
- Personal name: Gazit, Ehud
670 ## - SOURCE DATA FOUND
- Source citation: Work cat.: (NUST): Gazit, Ehud., Plenty of room for biology at the bottom, an introduction to bionanotechnology, c2007.
